[Event "Bundesliga 2022-23"]
[Site "Munich GER"]
[Date "2022.10.21"]
[Round "7.6"]
[Board "1"]
[White "Narayanan, S.L."]
[Black "Eljanov, Pavel"]
[Result "1/2-1/2"]
[WhiteTitle "GM"]
[BlackTitle "GM"]
[WhiteElo "2663"]
[BlackElo "2697"]
[WhiteTeam "SV Deggendorf"]
[BlackTeam "Muenchener Schachclub 1836"]
[WhiteFideId "5058422"]
[BlackFideId "14102951"]
[EventDate "2022.10.22"]

1. d4 d5 2. c4 e6 3. Nf3 Nf6 4. Nc3 Nbd7 5. Qc2 dxc4 6. e4 c5 7. Bxc4 cxd4 8.
Nxd4 Ne5 9. Bb5+ Bd7 10. O-O a6 11. Bxd7+ Nfxd7 12. Rd1 Qh4 13. Be3 Be7 14. Qe2
Rd8 15. f3 O-O 16. Rac1 Nb8 17. Nb3 Nbc6 18. Bb6 Rxd1+ 19. Rxd1 Qh5 20. Na4 Ng6
21. Be3 Bg5 22. Nac5 Nf4 23. Bxf4 Bxf4 24. g3 Bb8 25. Nxb7 Ne5 26. Kg2 g5 27.
N7c5 g4 28. f4 Nf3 29. Kh1 Rc8 30. Nd7 Kg7 31. Nxb8 Rxb8 32. Nd4 Rb4 33. Nxf3
gxf3 34. Qc2 e5 35. Rf1 Qg4 36. fxe5 Rxe4 37. Qc3 Qe6 38. Qxf3 Rxe5 39. Qc3 f6
40. Qc7+ Kg6 41. Qc2+ Kg7 42. Rd1 Re2 43. Rd7+ 1/2-1/2

[Event "Bundesliga 2022-23"]
[Site "Munich GER"]
[Date "2022.10.21"]
[Round "7.6"]
[Board "2"]
[White "Jones, Gawain C B"]
[Black "Sedlak, Nikola"]
[Result "1/2-1/2"]
[WhiteTitle "GM"]
[BlackTitle "GM"]
[WhiteElo "2626"]
[BlackElo "2472"]
[WhiteTeam "Muenchener Schachclub 1836"]
[BlackTeam "SV Deggendorf"]
[WhiteFideId "409561"]
[BlackFideId "922900"]
[EventDate "2022.10.22"]

1. e4 c6 2. Nf3 d5 3. d3 Qc7 4. Nc3 dxe4 5. dxe4 e5 6. Bc4 Bg4 7. h3 Bh5 8. g4
Bg6 9. Nh4 Nd7 10. Qf3 Nb6 11. Bb3 O-O-O 12. Bd2 Nf6 13. O-O-O Kb8 14. a3 Nbd7
15. Nxg6 fxg6 16. Qg2 Bd6 17. h4 Nc5 18. Ba2 Qe7 19. f3 Rd7 20. Be3 Rhd8 21. Qf2
b6 22. h5 Nb7 23. hxg6 hxg6 24. b4 c5 25. g5 Ne8 26. Nd5 Qf8 27. c3 Nc7 28. Kb1
Rc8 29. Rd3 Nxd5 30. Bxd5 Qe7 31. Rhd1 Rcc7 32. Bxb7 Kxb7 33. Qd2 Qe6 34. Rd5
Kc8 35. Qd3 Be7 36. Qa6+ Kb8 37. bxc5 Bxc5 38. Bxc5 Rxc5 39. c4 Rdxd5 40. Rxd5
Qh3 41. Qa4 Qf1+ 42. Rd1 Qxf3 43. Rd8+ Kb7 44. Rd7+ Kc8 45. Rxa7 Qxe4+ 46. Kb2
Qd4+ 47. Kb1 Qd3+ 1/2-1/2

[Event "Bundesliga 2022-23"]
[Site "Munich GER"]
[Date "2022.10.21"]
[Round "7.6"]
[Board "3"]
[White "Delchev, Aleksander"]
[Black "Saric, Ivan"]
[Result "0-1"]
[WhiteTitle "GM"]
[BlackTitle "GM"]
[WhiteElo "2503"]
[BlackElo "2668"]
[WhiteTeam "SV Deggendorf"]
[BlackTeam "Muenchener Schachclub 1836"]
[WhiteFideId "2900394"]
[BlackFideId "14508150"]
[EventDate "2022.10.22"]

1. e4 c5 2. c3 Nf6 3. e5 Nd5 4. Bc4 Nb6 5. Bb3 d6 6. exd6 Qxd6 7. Na3 a6 8. Ne2
Nc6 9. O-O Bf5 10. d4 cxd4 11. Nxd4 Nxd4 12. cxd4 e6 13. Qf3 Qc6 14. Qg3 Bxa3
15. bxa3 O-O 16. Bh6 Bg6 17. Rac1 Qe4 18. Rfe1 Qd3 19. Bf4 Nd5 20. Bd6 Rfd8 21.
Bxd5 exd5 22. Be7 Rdc8 23. Rxc8+ Rxc8 24. Bc5 Qd2 25. Qe5 h6 26. h4 b6 27. Bb4
Qxa2 28. h5 Be4 29. f3 Bd3 30. Qf4 Qc2 31. Kh2 Bf5 32. Re7 Be6 33. Bd6 Qf5 34.
Qxf5 Bxf5 35. g4 Bd3 36. Rc7 Ra8 37. Rb7 b5 38. Rb8+ Rxb8 39. Bxb8 a5 40. Bd6 b4
41. axb4 a4 42. b5 Bxb5 43. Kg3 Be2 44. Kf2 Bd1 45. Ke3 g5 46. Kf2 f5 47. gxf5
Kf7 48. Kg3 Kf6 49. Kg4 Bc2 50. Bf8 Bxf5+ 51. Kg3 Bd7 52. f4 g4 53. f5 Kxf5 54.
Bxh6 a3 55. Bc1 a2 56. Bb2 Kg5 0-1

[Event "Bundesliga 2022-23"]
[Site "Munich GER"]
[Date "2022.10.21"]
[Round "7.6"]
[Board "4"]
[White "Martinovic, Sasa"]
[Black "Stojanovic, Dalibor"]
[Result "1-0"]
[WhiteTitle "GM"]
[BlackTitle "GM"]
[WhiteElo "2546"]
[BlackElo "2472"]
[WhiteTeam "Muenchener Schachclub 1836"]
[BlackTeam "SV Deggendorf"]
[WhiteFideId "14509792"]
[BlackFideId "922692"]
[EventDate "2022.10.22"]

1. d4 Nf6 2. c4 e6 3. Nf3 Bb4+ 4. Nbd2 b6 5. a3 Bxd2+ 6. Nxd2 d5 7. e3 O-O 8.
Bd3 Bb7 9. O-O Nbd7 10. b3 Re8 11. Bb2 e5 12. dxe5 Nxe5 13. Be2 dxc4 14. Nxc4
Nxc4 15. Bxc4 Qe7 16. Qc2 Rad8 17. Rfd1 Ne4 18. Rxd8 Rxd8 19. Rd1 h6 20. Bf1
Rxd1 21. Qxd1 Qh4 22. Qc2 Qd8 23. b4 Qd2 24. Qxd2 Nxd2 25. Bd3 Bd5 26. f3 Nc4
27. Bc1 a5 28. e4 Be6 29. bxa5 bxa5 30. Kf2 Kf8 31. Ke2 Ke7 32. Bc2 g5 33. Kd3
f6 34. Kc3 Ne5 35. Bd1 Bf7 36. Be2 c5 37. Be3 Kd6 38. g3 h5 39. f4 gxf4 40. gxf4
Nd7 41. Bb5 Nb6 42. Bd2 Ba2 43. Kd3 f5 44. e5+ Ke6 45. Bxa5 c4+ 46. Kd4 Nd5 47.
Bd2 c3 48. Bc1 Bb3 49. a4 c2 50. a5 Nc7 51. Bd3 Nd5 52. a6 Nb4 53. a7 Bd5 54.
Bc4 1-0

[Event "Bundesliga 2022-23"]
[Site "Munich GER"]
[Date "2022.10.21"]
[Round "7.6"]
[Board "5"]
[White "Bogosavljevic, Boban"]
[Black "Prusikin, Michael"]
[Result "1/2-1/2"]
[WhiteTitle "GM"]
[BlackTitle "GM"]
[WhiteElo "2533"]
[BlackElo "2517"]
[WhiteTeam "SV Deggendorf"]
[BlackTeam "Muenchener Schachclub 1836"]
[WhiteFideId "931152"]
[BlackFideId "4642325"]
[EventDate "2022.10.22"]

1. Nf3 d5 2. g3 Nd7 3. d4 Nb6 4. Nc3 Bf5 5. Nh4 Bg4 6. h3 Bh5 7. Ng2 e6 8. Nf4
Nf6 9. Nxh5 Nxh5 10. e4 Nf6 11. exd5 exd5 12. Bd3 Be7 13. Qf3 O-O 14. O-O Re8
15. Re1 c6 16. Re2 Nfd7 17. Bd2 Bf6 18. Rae1 Rxe2 19. Nxe2 Nc4 20. Bc3 Nd6 21.
Nf4 g6 22. h4 Bg7 23. Kg2 Nf6 24. h5 Nde4 25. hxg6 hxg6 26. Rh1 Qd7 27. Be1 Re8
28. c3 Ng5 29. Qd1 Nfe4 30. f3 Nd6 31. Bf2 Ne6 32. Qc1 Nxf4+ 33. Qxf4 Re6 34.
Re1 Rxe1 35. Bxe1 Qe6 36. Bf2 Bf6 37. g4 Kg7 38. Qc1 Be7 39. Qf4 Bf6 40. b3 a6
41. Bg3 Nb5 42. Qc1 Be7 43. a4 Nd6 44. c4 Ne8 45. c5 Bd8 46. b4 Bc7 47. Bf2 Nf6
48. Qe3 Qd7 49. Qe2 Nh7 50. Be3 Nf8 51. f4 Ne6 52. Qf3 Qe7 53. g5 Bb8 54. b5
axb5 55. axb5 cxb5 56. Bxb5 Qc7 57. f5 gxf5 58. Bd3 Qh2+ 59. Kf1 f4 60. Bf2 Nxg5
61. Qxd5 Qh3+ 62. Ke1 Qxd3 63. Qxg5+ Qg6 64. Bh4 Qxg5 65. Bxg5 Kg6 66. Bd8 Kf5
67. d5 Ke5 68. c6 bxc6 69. dxc6 Kd6 70. Kf2 Kxc6 1/2-1/2

[Event "Bundesliga 2022-23"]
[Site "Munich GER"]
[Date "2022.10.21"]
[Round "7.6"]
[Board "6"]
[White "Costa, Leonardo"]
[Black "Popovic, Dusan"]
[Result "1/2-1/2"]
[WhiteTitle "FM"]
[BlackTitle "GM"]
[WhiteElo "2350"]
[BlackElo "2486"]
[WhiteTeam "Muenchener Schachclub 1836"]
[BlackTeam "SV Deggendorf"]
[WhiteFideId "16213955"]
[BlackFideId "927031"]
[EventDate "2022.10.22"]

1. e4 c5 2. Nf3 d6 3. d4 cxd4 4. Nxd4 Nf6 5. Nc3 a6 6. Be2 e5 7. Nb3 Be7 8. O-O
O-O 9. Bf3 Be6 10. Re1 Nbd7 11. a4 Qb8 12. Be3 Rc8 13. h3 Bd8 14. Qe2 Bb6 15.
Red1 Qc7 16. a5 Bxe3 17. Qxe3 Bxb3 18. cxb3 Nc5 19. Nd5 Nxd5 20. Rxd5 b5 21. Bg4
Rd8 22. b4 Ne6 23. Rc1 Qb7 24. Bxe6 fxe6 25. Rd3 h6 26. Rcd1 Qc6 27. Rc1 Qb7 28.
Rcd1 Qc6 29. Qb6 Rac8 30. Rxd6 Rxd6 31. Rxd6 Qc1+ 32. Kh2 Qf4+ 33. g3 Qxe4 34.
Rd8+ Rxd8 35. Qxd8+ Kh7 36. Qb6 Qd4 37. Kg2 Qd5+ 38. Kg1 Qd1+ 39. Kh2 Qd4 40. b3
Qd2 41. Kg1 1/2-1/2

[Event "Bundesliga 2022-23"]
[Site "Munich GER"]
[Date "2022.10.21"]
[Round "7.6"]
[Board "7"]
[White "Dudin, Gleb"]
[Black "Yankelevich, Lev"]
[Result "0-1"]
[WhiteTitle "IM"]
[BlackTitle "GM"]
[WhiteElo "2471"]
[BlackElo "2484"]
[WhiteTeam "SV Deggendorf"]
[BlackTeam "Muenchener Schachclub 1836"]
[WhiteFideId "34184934"]
[BlackFideId "24684074"]
[EventDate "2022.10.22"]

1. c4 e5 2. Nc3 Bb4 3. Nd5 Be7 4. Nf3 d6 5. d4 e4 6. Nd2 f5 7. Nb1 Nf6 8. Nxe7
Qxe7 9. Nc3 c6 10. e3 O-O 11. Be2 Be6 12. O-O Qf7 13. b3 d5 14. Ba3 Re8 15. Rc1
Nbd7 16. Na4 Rad8 17. Qd2 Nf8 18. Bc5 Ng6 19. Bxa7 dxc4 20. Bb6 Ra8 21. Ba5 cxb3
22. Nb6 Rab8 23. Nc4 Bxc4 24. Bxc4 Nd5 25. Bxb3 Nh4 26. Bc7 Qxc7 27. Bxd5+ Kh8
28. Bb3 Qe7 29. Kh1 Rbd8 30. Qa5 Rd6 31. Rc5 Qg5 32. Rg1 Rh6 33. Qc7 Rf8 34.
Qxb7 Qh5 35. Qe7 Ng6 36. Qc7 Qe2 37. Rc2 Qh5 38. Rc5 Qe2 39. Qg3 f4 40. exf4
Nxf4 41. h3 Qd3 42. Kh2 Qxd4 43. Rc4 Qe5 44. Kh1 Qf5 45. Kh2 Ne2 46. Qe3 Nxg1
47. Kxg1 Rhf6 48. Bc2 Qxf2+ 49. Qxf2 Rxf2 50. Bxe4 R2f4 51. g3 Rf1+ 52. Kh2
R8f2+ 53. Bg2 Rd1 0-1

[Event "Bundesliga 2022-23"]
[Site "Munich GER"]
[Date "2022.10.21"]
[Round "7.6"]
[Board "8"]
[White "Berchtenbreiter, Maximilian"]
[Black "Kuznecovs, Nikita"]
[Result "1/2-1/2"]
[WhiteTitle "IM"]
[BlackTitle "FM"]
[WhiteElo "2509"]
[BlackElo "2301"]
[WhiteTeam "Muenchener Schachclub 1836"]
[BlackTeam "SV Deggendorf"]
[WhiteFideId "24641120"]
[BlackFideId "11604557"]
[EventDate "2022.10.22"]

1. Nf3 Nf6 2. g3 b5 3. Bg2 Bb7 4. O-O e6 5. d4 c5 6. c3 Be7 7. a4 b4 8. Nbd2 O-O
9. a5 Na6 10. cxb4 Nxb4 11. dxc5 Bxc5 12. Nb3 Be7 13. Be3 Nbd5 14. Bd4 d6 15. a6
Bc8 16. Na5 e5 17. Nxe5 dxe5 18. Bxe5 Be6 19. Nc6 Qe8 20. Nxe7+ Qxe7 21. Bxf6
Nxf6 22. Bxa8 Rxa8 23. Qd3 Bg4 24. Rfe1 Rd8 25. Qc4 Re8 26. Rac1 Bh3 27. Rc3 Qd6
28. b4 Re4 29. Qc5 Qxa6 30. b5 Qa5 31. f3 Re8 32. Rcc1 h5 33. Ra1 Qd2 34. Kf2
Nd7 35. Qxa7 Ne5 36. Ra3 Kh7 37. Qc5 Qb2 38. Re3 f6 39. Qd5 Kh8 40. Rd1 Kh7 41.
Qb3 Qxb3 42. Rxb3 Be6 43. Rb4 Kg6 44. b6 Rb8 45. e4 Nxf3 46. Rd6 Ne5 47. b7 Bd7
48. Rd5 Kf7 49. Rb6 Ke7 50. Kg1 Bh3 51. Kf2 Bg4 52. h4 Bd7 53. Kg1 Bh3 54. Kf2
Bg4 55. Kg1 Nd7 56. Rb4 Kd8 57. Rd2 Be6 58. Rd6 Bg4 59. Rd2 Ke8 60. Rc2 Ne5 61.
Rb6 Bd7 62. Rc5 Kd8 63. Rc3 Ba4 64. Ra6 Bc6 65. Raxc6 Nxc6 66. Rxc6 Rxb7 67. Kf2
Kd7 68. Rc5 g6 69. Kf3 Rb3+ 70. Kf4 Rb1 71. Ra5 Rf1+ 72. Ke3 Re1+ 73. Kf4 Ke6
74. Ra7 g5+ 75. hxg5 Rf1+ 76. Ke3 fxg5 77. Rh7 Rh1 78. Kf3 Kf6 79. Rh6+ Kg7 80.
Rd6 Rf1+ 81. Kg2 Rf6 82. Rd5 Kg6 83. Rd8 g4 84. Rg8+ Kh7 85. Rb8 Re6 86. Rb4 Kg6
87. Kf2 Rf6+ 88. Kg2 Rc6 89. Rb5 Rc2+ 90. Kf1 Rc3 91. Rb6+ Kg7 92. Kg2 Rc2+ 93.
Kf1 Rc5 94. Kf2 Kf7 95. Ra6 Rc2+ 96. Kf1 Rc4 97. Rh6 Rc5 98. Rd6 Re5 99. Rd4 Kf6
100. Kf2 Ra5 101. Ke3 Ra3+ 102. Rd3 Ra1 1/2-1/2

[Event "Bundesliga 2022-23"]
[Site "Kiel GER"]
[Date "2022.10.22"]
[Round "1.2"]
[Board "1"]
[White "Vitiugov, Nikita"]
[Black "Cheparinov, Ivan"]
[Result "1-0"]
[WhiteTitle "GM"]
[BlackTitle "GM"]
[WhiteElo "2722"]
[BlackElo "2689"]
[WhiteTeam "OSG Baden-Baden"]
[BlackTeam "SK Doppelbauer Turm Kiel"]
[WhiteFideId "4152956"]
[BlackFideId "2905540"]
[EventDate "2022.10.22"]

1. d4 d5 2. c4 dxc4 3. Nf3 Nf6 4. e3 e6 5. Bxc4 c5 6. O-O Nc6 7. Qe2 a6 8. Rd1
b5 9. dxc5 Qc7 10. Bd3 Nb4 11. a4 Nxd3 12. Qxd3 b4 13. b3 a5 14. c6 Be7 15. Bb2
Qxc6 16. Ne5 Qc7 17. Qb5+ Kf8 18. Rc1 Qd8 19. Nc6 Bd7 20. Nxd8 Bxb5 21. Nxe6+
fxe6 22. axb5 Kf7 23. Be5 Rhd8 24. Bc7 Rac8 25. b6 Nd5 26. Nd2 Nxc7 27. Rxc7
Rxc7 28. bxc7 Rc8 29. Rxa5 Rxc7 30. Nc4 Bf6 31. Kf1 Bc3 32. Ke2 Ke7 33. h4 Rd7
34. f4 Kf6 35. g4 h6 36. Ra6 Ke7 37. h5 Bf6 38. Nd2 Rc7 39. Ne4 Kf7 40. g5 hxg5
41. fxg5 Be5 42. g6+ Ke7 43. Ng5 Kf6 44. Nxe6 1-0

[Event "Bundesliga 2022-23"]
[Site "Kiel GER"]
[Date "2022.10.22"]
[Round "1.2"]
[Board "3"]
[White "Adams, Michael"]
[Black "Yuffa, Daniil"]
[Result "1/2-1/2"]
[WhiteTitle "GM"]
[BlackTitle "GM"]
[WhiteElo "2689"]
[BlackElo "2601"]
[WhiteTeam "OSG Baden-Baden"]
[BlackTeam "SK Doppelbauer Turm Kiel"]
[WhiteFideId "400041"]
[BlackFideId "24131423"]
[EventDate "2022.10.22"]

1. e4 c5 2. Nf3 d6 3. Bb5+ Nd7 4. a4 Nf6 5. Nc3 a6 6. Be2 b6 7. d4 cxd4 8. Qxd4
Bb7 9. O-O e5 10. Qe3 Be7 11. Rd1 Qc7 12. b3 Nc5 13. Nd2 O-O 14. Ba3 Rad8 15.
Bc4 Ne6 16. Rac1 Nf4 17. Qe1 Rfe8 18. Qf1 Qc8 19. f3 d5 20. Bxe7 Rxe7 21. exd5
Bxd5 22. Nde4 Nxe4 23. Nxe4 a5 24. g3 Bxc4 25. Qxc4 Rc7 26. Rxd8+ Qxd8 27. Qf1
Qd4+ 28. Kh1 Ne6 29. c3 Qd5 30. Qb5 Qxb5 31. axb5 f5 32. Nd6 Nd4 33. b4 a4 34.
c4 Nb3 35. Rc2 Rd7 36. c5 bxc5 37. bxc5 Nxc5 38. Rxc5 Rxd6 39. Rxe5 a3 40. Re8+
Kf7 41. Ra8 Rb6 42. Ra5 1/2-1/2

[Event "Bundesliga 2022-23"]
[Site "Kiel GER"]
[Date "2022.10.22"]
[Round "1.2"]
[Board "5"]
[White "Kasimdzhanov, Rustam"]
[Black "Teclaf, Pawel"]
[Result "1-0"]
[WhiteTitle "GM"]
[BlackTitle "IM"]
[WhiteElo "2670"]
[BlackElo "2551"]
[WhiteTeam "OSG Baden-Baden"]
[BlackTeam "SK Doppelbauer Turm Kiel"]
[WhiteFideId "14200244"]
[BlackFideId "1185934"]
[EventDate "2022.10.22"]

1. e4 e6 2. d4 d5 3. Nc3 Nf6 4. Bg5 dxe4 5. Nxe4 Nbd7 6. Nxf6+ Nxf6 7. Nf3 h6 8.
Bh4 c5 9. Bc4 cxd4 10. O-O Be7 11. Qe2 O-O 12. Rad1 Qb6 13. Ne5 Nd5 14. Bxe7
Nxe7 15. b3 Rd8 16. Qh5 Rf8 17. Rfe1 Qc5 18. Qf3 Nc6 19. Nxc6 bxc6 20. Re4 Qa5
21. Rexd4 Ba6 22. Bxa6 Qxa6 23. Qc3 Qb6 24. Rg4 f6 25. Rd7 Rf7 26. Rxf7 Kxf7 27.
Qd3 Qc7 28. Qg6+ Kf8 29. Qh7 Qf7 30. Rd4 Ke7 31. Qd3 Qe8 32. Qg3 Kf8 33. Qc7 Qh5
34. Qd6+ Kf7 35. Qd7+ Kf8 36. Qxc6 Re8 37. g3 Re7 38. Kg2 Qa5 39. a4 Qc7 40. Rd6
e5 41. b4 Qb8 42. Rxf6+ 1-0

[Event "Bundesliga 2022-23"]
[Site "Munich GER"]
[Date "2022.10.22"]
[Round "1.3"]
[Board "1"]
[White "Schroeder, Jan-Christian"]
[Black "Maghsoodloo, Parham"]
[Result "1-0"]
[WhiteTitle "GM"]
[BlackTitle "GM"]
[WhiteElo "2544"]
[BlackElo "2721"]
[WhiteTeam "SF Berlin"]
[BlackTeam "FC Bayern Muenchen"]
[WhiteFideId "24662259"]
[BlackFideId "12539929"]
[EventDate "2022.10.22"]

1. e4 c5 2. Nf3 d6 3. d4 cxd4 4. Nxd4 Nf6 5. Nc3 a6 6. Bc4 Bd7 7. f3 Nc6 8. g4
h6 9. Be3 Na5 10. Be2 e6 11. Qd2 Qc7 12. h4 Nc4 13. Bxc4 Qxc4 14. O-O-O b5 15.
Kb1 g6 16. g5 hxg5 17. Bxg5 Nh5 18. Rhe1 f6 19. Be3 b4 20. Nce2 e5 21. Nb3 Be6
22. Nec1 a5 23. Nd3 Be7 24. Qg2 Bf7 25. f4 Rc8 26. Nbc1 O-O 27. Rg1 Kh7 28. Rdf1
Rg8 29. Rf2 Be8 30. b3 Qc6 31. Rd2 Rg7 32. Ne2 Qb7 33. Nf2 Bc6 34. Qf3 Be8 35.
Ng3 exf4 36. Bxf4 Rc3 37. Be3 Nxg3 38. Rxg3 Qc8 39. Nd3 Bc6 40. Qf4 g5 41. hxg5
fxg5 42. Bd4 Qe6 43. Qf5+ Qxf5 44. exf5 Bf8 45. Bxg7 Kxg7 46. Rxg5+ Kf6 47. Rg4
Bf3 48. Rg6+ Kxf5 49. Rg3 Ke4 50. Rxf3 1-0

[Event "Bundesliga 2022-23"]
[Site "Munich GER"]
[Date "2022.10.22"]
[Round "1.3"]
[Board "2"]
[White "Santos Latasa, Jaime"]
[Black "Kraemer, Martin"]
[Result "1/2-1/2"]
[WhiteTitle "GM"]
[BlackTitle "GM"]
[WhiteElo "2677"]
[BlackElo "2579"]
[WhiteTeam "FC Bayern Muenchen"]
[BlackTeam "SF Berlin"]
[WhiteFideId "2293307"]
[BlackFideId "4671910"]
[EventDate "2022.10.22"]

1. Nf3 d5 2. g3 c5 3. Bg2 Nf6 4. O-O e6 5. c4 d4 6. d3 Nc6 7. e3 Bd6 8. exd4
cxd4 9. Bg5 h6 10. Bxf6 Qxf6 11. Nbd2 Qe7 12. Re1 O-O 13. Nb3 Qf6 14. a3 a5 15.
Nfd2 Bc7 16. Nc5 Qe7 17. Na4 Bd7 18. Nb3 Ne5 19. Nbc5 Bc6 20. Bxc6 bxc6 21. Qh5
Nd7 22. Nxd7 Qxd7 23. b4 Rfb8 24. Reb1 axb4 25. axb4 Bd6 26. Kg2 Ra7 27. Qg4
Rxb4 28. Rxb4 Bxb4 29. Nb6 Qb7 30. Rxa7 Qxa7 31. Qxd4 Qe7 32. Na4 c5 33. Qe4 1/2-1/2

[Event "Bundesliga 2022-23"]
[Site "Munich GER"]
[Date "2022.10.22"]
[Round "1.3"]
[Board "3"]
[White "Baldauf, Marco"]
[Black "Tabatabaei, M. Amin"]
[Result "0-1"]
[WhiteTitle "GM"]
[BlackTitle "GM"]
[WhiteElo "2506"]
[BlackElo "2657"]
[WhiteTeam "SF Berlin"]
[BlackTeam "FC Bayern Muenchen"]
[WhiteFideId "4688210"]
[BlackFideId "12521213"]
[EventDate "2022.10.22"]

1. d4 d5 2. c4 c6 3. cxd5 cxd5 4. Nc3 Nc6 5. Nf3 Nf6 6. Bf4 Bf5 7. e3 e6 8. Qb3
Bb4 9. Bb5 O-O 10. Bxc6 Bxc3+ 11. Qxc3 Rc8 12. Ne5 bxc6 13. Rc1 c5 14. dxc5 Ne4
15. Qa3 f6 16. Nf3 e5 17. Bg3 Qe7 18. b4 a5 19. bxa5 Rxc5 20. Rxc5 Qxc5 21. Qxc5
Nxc5 22. Nd2 Nd3+ 23. Ke2 Rc8 24. Ra1 Rc2 25. a6 Rc6 26. f3 Nb4 27. e4 dxe4 28.
Nxe4 Nc2 29. Rb1 Rxa6 30. Rb2 Nd4+ 31. Kd2 Bxe4 32. fxe4 Ne6 33. Kc3 Rc6+ 34.
Kd3 Nc5+ 35. Kc4 Na4+ 36. Kd5 Rc8 37. Rb4 Nc3+ 38. Ke6 Nxa2 39. Rb2 Nc1 40. Rb7
Nd3 41. Ra7 Nc5+ 42. Kd5 Nb3 43. Rb7 Rd8+ 0-1

[Event "Bundesliga 2022-23"]
[Site "Munich GER"]
[Date "2022.10.22"]
[Round "1.3"]
[Board "4"]
[White "Alonso Rosell, Alvar"]
[Black "Kaasen, Tor Fredrik"]
[Result "1/2-1/2"]
[WhiteTitle "GM"]
[BlackTitle "IM"]
[WhiteElo "2563"]
[BlackElo "2445"]
[WhiteTeam "FC Bayern Muenchen"]
[BlackTeam "SF Berlin"]
[WhiteFideId "2270544"]
[BlackFideId "1516647"]
[EventDate "2022.10.22"]

1. d4 Nf6 2. c4 g6 3. Nf3 Bg7 4. Nc3 d5 5. e3 O-O 6. cxd5 Nxd5 7. Bc4 Nb6 8. Bb3
c5 9. O-O Bg4 10. dxc5 N6d7 11. Na4 Qc7 12. h3 Bxf3 13. Qxf3 Na6 14. Bd2 Naxc5
15. Rac1 Rac8 16. Nxc5 Nxc5 17. Bb4 b6 18. Bxc5 bxc5 19. Rc2 e6 20. Bc4 a5 21.
b3 Rfd8 22. Rd1 Rxd1+ 23. Qxd1 Rd8 24. Rd2 Bf6 25. Rxd8+ Qxd8 26. Qf3 Kg7 27. g3
Bc3 28. Kg2 1/2-1/2

[Event "Bundesliga 2022-23"]
[Site "Munich GER"]
[Date "2022.10.22"]
[Round "1.3"]
[Board "5"]
[White "Seyb, Alexander"]
[Black "Dragnev, Valentin"]
[Result "1/2-1/2"]
[WhiteTitle "IM"]
[BlackTitle "GM"]
[WhiteElo "2441"]
[BlackElo "2544"]
[WhiteTeam "SF Berlin"]
[BlackTeam "FC Bayern Muenchen"]
[WhiteFideId "4699033"]
[BlackFideId "1634852"]
[EventDate "2022.10.22"]

1. e4 e5 2. Nf3 Nc6 3. Bb5 a6 4. Ba4 Nf6 5. O-O Nxe4 6. d4 b5 7. Bb3 d5 8. dxe5
Be6 9. Nbd2 Nc5 10. c3 Be7 11. Bc2 d4 12. Nb3 d3 13. Nxc5 dxc2 14. Qxd8+ Rxd8
15. Nxe6 fxe6 16. Be3 Rd5 17. Rfc1 Nxe5 18. Nxe5 Rxe5 19. Rxc2 Rd5 20. c4 Rd7
21. Kf1 1/2-1/2

[Event "Bundesliga 2022-23"]
[Site "Munich GER"]
[Date "2022.10.22"]
[Round "1.3"]
[Board "7"]
[White "Schmidek, Emil"]
[Black "Ribli, Zoltan"]
[Result "1-0"]
[WhiteTitle "IM"]
[BlackTitle "GM"]
[WhiteElo "2414"]
[BlackElo "2526"]
[WhiteTeam "SF Berlin"]
[BlackTeam "FC Bayern Muenchen"]
[WhiteFideId "12908150"]
[BlackFideId "700010"]
[EventDate "2022.10.22"]

1. d4 d5 2. c4 e6 3. Nc3 c6 4. e4 dxe4 5. Nxe4 Bb4+ 6. Bd2 Qxd4 7. Bxb4 Qxe4+ 8.
Be2 Na6 9. Ba5 b6 10. Qd6 Bd7 11. Bc3 f6 12. Nf3 Ne7 13. O-O-O Qxe2 14. Qxd7+
Kf7 15. Rhe1 Qxc4 16. Re3 Rad8 17. Ne5+ fxe5 18. Rf3+ Kg6 19. Qxe7 Rxd1+ 20.
Kxd1 1-0

[Event "Bundesliga 2022-23"]
[Site "Munich GER"]
[Date "2022.10.22"]
[Round "1.3"]
[Board "8"]
[White "Meister, Peter"]
[Black "Morgunov, Marc"]
[Result "1/2-1/2"]
[WhiteTitle "IM"]
[BlackTitle "FM"]
[WhiteElo "2348"]
[BlackElo "2417"]
[WhiteTeam "FC Bayern Muenchen"]
[BlackTeam "SF Berlin"]
[WhiteFideId "4600207"]
[BlackFideId "1640305"]
[EventDate "2022.10.22"]

1. d4 Nf6 2. c4 g6 3. f3 Bg7 4. e4 d6 5. Ne2 O-O 6. Be3 c5 7. Qd2 Nc6 8. d5 Ne5
9. Nec3 e6 10. Be2 exd5 11. cxd5 a6 12. a4 Ne8 13. O-O f5 14. exf5 Bxf5 15. Na3
Nf6 16. g4 Bd7 17. Kg2 Rb8 18. h3 Kh8 19. Rab1 b5 20. axb5 axb5 21. b4 cxb4 22.
Rxb4 Qa5 23. Nc2 Rfc8 24. Bd4 Nc4 25. Qf4 Ne5 26. Qd2 Nc4 27. Bxc4 Rxc4 28. Rxc4
bxc4 29. Ra1 Qd8 30. Ne3 Qc8 31. Ne4 Nxe4 32. fxe4 c3 33. Bxg7+ Kxg7 34. Qd4+
Kg8 35. Ra2 Qf8 36. Qxc3 Qf4 37. Qd4 Rf8 38. Rd2 Bb5 39. e5 Bf1+ 40. Nxf1 Qxf1+
41. Kh2 dxe5 42. Qxe5 Rf2+ 43. Rxf2 Qxf2+ 1/2-1/2

[Event "Bundesliga 2022-23"]
[Site "Munich GER"]
[Date "2022.10.22"]
[Round "1.4"]
[Board "1"]
[White "Nisipeanu, Liviu-Dieter"]
[Black "Moussard, Jules"]
[Result "1/2-1/2"]
[WhiteTitle "GM"]
[BlackTitle "GM"]
[WhiteElo "2615"]
[BlackElo "2686"]
[WhiteTeam "USV TU Dresden"]
[BlackTeam "Schachfreunde Deizisau"]
[WhiteFideId "1202758"]
[BlackFideId "642908"]
[EventDate "2022.10.22"]

1. d4 Nf6 2. c4 e6 3. Nc3 d5 4. cxd5 exd5 5. Bg5 c6 6. e3 h6 7. Bh4 Be7 8. Bd3
O-O 9. Nge2 Ne8 10. Bg3 Nd6 11. O-O Re8 12. Qc2 Bf8 13. Rad1 a5 14. a3 Nd7 15.
h3 Nf6 16. Be5 Nfe4 17. Bxe4 dxe4 18. Ng3 f5 19. Nce2 Nf7 20. f3 exf3 21. Rxf3
Nxe5 22. dxe5 Qe7 23. Nxf5 Qxe5 24. Neg3 Bxf5 25. Nxf5 Rad8 26. Rdf1 Rd7 27.
Qc4+ Kh7 28. Qc2 Kg8 29. Qc4+ Kh7 30. Qc2 1/2-1/2

[Event "Bundesliga 2022-23"]
[Site "Munich GER"]
[Date "2022.10.22"]
[Round "1.4"]
[Board "2"]
[White "Bluebaum, Matthias"]
[Black "Bartel, Mateusz"]
[Result "1/2-1/2"]
[WhiteTitle "GM"]
[BlackTitle "GM"]
[WhiteElo "2647"]
[BlackElo "2630"]
[WhiteTeam "Schachfreunde Deizisau"]
[BlackTeam "USV TU Dresden"]
[WhiteFideId "24651516"]
[BlackFideId "1112635"]
[EventDate "2022.10.22"]

1. c4 e5 2. Nc3 Nf6 3. Nf3 e4 4. Ng5 c6 5. Ngxe4 Nxe4 6. Nxe4 d5 7. cxd5 cxd5 8.
Ng3 h5 9. e3 h4 10. Ne2 Nc6 11. d4 Bf5 12. Nc3 Bb4 13. Bd2 Qd7 14. a3 Bxc3 15.
Bxc3 Kf8 16. Qd2 Rh6 17. Bb5 h3 18. gxh3 Be4 19. Rg1 Rxh3 20. Bd3 Qf5 21. Bxe4
Qxe4 22. O-O-O Rc8 23. Rdf1 Rxh2 24. f3 Qh7 25. Rg2 Rxg2 26. Qxg2 Qd3 27. Re1
Re8 1/2-1/2